| 000 | 00368 a2200145 4500 | ||
|---|---|---|---|
| 001 | 155220 | ||
| 040 | _cEscola São Tomás de Aquino | ||
| 100 | _aGASPAR, Tânia Moraes | ||
| 240 | 1 | 0 |
_aNiño y niñas _lpor |
| 245 | 1 | 0 | _aNiño y niñas |
| 300 | _a80 | ||
| 440 | 1 | _aScipione | |
| 697 | _aSistemas de escrita, fonologia, fonética da norma espanhola | ||
| 942 | _cBK | ||
| 999 |
_c155220 _d155220 |
||